|
|
|
|
| LEADER |
00668nta a2200169 i 4500 |
| 001 |
dipl75241 |
| 005 |
20190628071053.0 |
| 008 |
190627s2018 hu om 0|| zxx d |
| 040 |
|
|
|a SZTE Diploma Repozitórium
|b hun
|
| 041 |
|
|
|a zxx
|
| 100 |
1 |
|
|a Csincsák Klaudia
|
| 245 |
1 |
2 |
|a A hátrányos helyzetű gyermekek beszédfejlődése
|h [elektronikus dokumentum] /
|c Klaudia Csincsák
|
| 246 |
1 |
0 |
|a Speech development of the disadvantaged children
|h [elektronikus dokumentum]
|
| 260 |
|
|
|c 2018
|
| 650 |
|
4 |
|a Pedagógusképzés
|
| 700 |
2 |
|
|a Bíró-Balogh Tamás
|e ths
|
| 856 |
4 |
0 |
|u http://diploma.bibl.u-szeged.hu/id/eprint/75241/1/2018_Csincs%C3%A1k_Klaudia_BFHPTB_SZ.pdf
|z Dokumentum-elérés
|